| 000 | 02724nam a22003017a 4500 | ||
|---|---|---|---|
| 003 | OSt | ||
| 005 | 20240712124030.0 | ||
| 008 | 240426s2011 xu er 000 0 spa d | ||
| 020 | _a9781575548807 | ||
| 037 | _bDonación | ||
| 040 |
_aCO-JMCR _bspa _cCO-JMCR _dCO-JMCR _erda |
||
| 041 | 1 |
_aspa _heng |
|
| 082 | 0 | 4 |
_223 _a282.09 _bW58e |
| 100 | 1 |
_aWhite, Ellen G., _d1827-1915 _eautor _943660 |
|
| 245 | 1 | 3 |
_aEl conflicto de los siglos / _cEllen G. White. |
| 246 | 1 | _aThe Great Controversy / | |
| 250 | _aSegunda edición. | ||
| 260 |
_aFlorida : _bAPIA , _c2011 |
||
| 300 |
_a671 páginas ; _c20 cm. |
||
| 501 | _aCon: Prefacio | ||
| 501 | _aCon: Apéndice | ||
| 505 | 0 | _aEl destino del mundo predicho -- La fe de los mártires -- Una era de tinieblas espirituales -- Fieles porta antorchas -- El lucero de la Reforma -- Dos héroes de la Edad Media -- En la encrucijada de los caminos -- Un campeón de la verdad -- Se enciende una luz en Suiza -- Progresos de la reforma -- La protesta de los príncipes -- La reforma en Francia -- El despertar de España -- En los países Bajos y Escandinavia -- La verdad progresa en Inglaterra -- La Biblia y la revolución francesa -- América, tierra de libertad -- Heraldos de una nueva era -- Una profecía significativa -- Luz a través de las tinieblas -- Un gran despertar religioso -- Una amonestación rechazada -- Profecías cumplidas -- El templo de Dios -- Jesucristo nuestro abogado -- Los Estados Unidos en la profecía -- Una obra de reforma -- La verdadera conversión es esencial -- El juicio investigador -- El origen del mal y del dolor -- El peor enemigo del hombre -- ¿ Quiénes son los ángeles? -- Las asechanzas del enemigo -- El misterio de la inmortalidad -- ¿Pueden hablarnos nuestros muertos? -- La libertad de conciencia amenazada -- El conflicto inminente -- Nuestra única salvaguardia -- El mensaje final de Dios -- El tiempo de angustia -- La liberación del pueblo de Dios -- La desolación de la tierra -- El fin del conflicto. | |
| 520 | 3 | _aNadie puede vivir ajeno a la gran controversia cósmica que se inició allá en la noche de los tiempos, y de la que todos de algún modo sufrimos las consecuencias. Somos además los protagonistas directos de ella. aquí no cabe ni la inhibición ni la neutralidad. Conocer la verdadera naturaleza y la situación actual del conflicto nos permitirá tomar la posición correcta y encontrar sentido a todas las contradicciones y paradojas que vemos en la naturaleza, en la sociedad y en nuestro propio interior. | |
| 650 | 1 | 4 |
_2JMCR _aHistoria del cristianismo _xConflicto _943661 |
| 650 | 2 | 4 |
_2JMCR _aHistoria _vCrisis sociales _943662 |
| 650 | 3 | 4 |
_2JMCR _aCorrupción _92874 |
| 942 |
_2ddc _cBK |
||
| 999 |
_c30749 _d17133 |
||